Historia de la novela hispanoamericana

Guardat en:
Dades bibliogràfiques
Autor principal: Alegría Alfaro, Fernando (Autor)
Format: Llibre
Idioma:espanyol
Publicat: Ciudad de México De Andrea 1966
Edició:3a. ed
Matèries:
Etiquetes: Afegir etiqueta
Sense etiquetes, Sigues el primer a etiquetar aquest registre!

MARC

LEADER 00000nam a2200000 a 4500
001 UCK4389
003 CL-VaPUC
008 050603e19660000MX |||||||||||||||||spa|d
082 0 4 |a H863.09  |b ALE  |2 21 
100 0 |a Alegría Alfaro, Fernando  |e author  |9 492895 
245 1 0 |a Historia de la novela hispanoamericana 
250 |a 3a. ed 
300 |a 301 p 
942 |c BK 
945 |d 20050603 00:00:00  |a jcarroza 
260 |a Ciudad de México  |b De Andrea  |c 1966 
650 7 |a NOVELA HISPANOAMERICANA  |2 CL-VaPUC  |9 309990 
650 0 |a Literatura hispanoamericana  |9 269097 
583 |a last modification  |c 20190719 04:17:13  |k Rodrigo Vera 
999 |c 313267  |d 313265 
952 |0 0  |1 0  |4 0  |6 H_863_090000000000000_ALE_1966  |7 0  |8 A  |9 384506  |a BIBEDU  |b BIBEDU  |d 2019-11-22  |i 4104501  |o H863.09 ALE 1966  |p 4104501  |r 2019-11-22  |w 2019-11-22  |y BK  |k LIT